000
00254nam a2200097Ia 4500
082
_a
J 387.7 SPIL
245
0
_a
At the airport
100
_a
Spilsbury, Richard, Chicago, Ill., [c.2009]
942
_c
BK
008
210817s9999 xx 000 0 und d
999
_c
368105
_d
368104